Computational methods in economics (Record no. 395929)
[ view plain ]
| 000 -LEADER | |
|---|---|
| fixed length control field | 00600 a2200217 4500 |
| 005 - DATE & TIME | |
| control field | 20260217111125.0 |
| 008 - FIXED-LENGTH DATA ELEMENTS--GENERAL INFORMATION | |
| fixed length control field | 260217b |||||||| |||| 00| 0 eng d |
| 020 ## - ISBN | |
| International Standard Book Number | 9788119925759 |
| Price | Rs. 1895.00 |
| 040 ## - CATALOGING SOURCE | |
| Original cataloging agency | VIVEKANANDA LIBRARY |
| 082 ## - DDC NUMBER | |
| Classification number | 330.0151 |
| Book Number | G442C |
| 100 ## - MAIN ENTRY--PERSONAL NAME | |
| Personal name | Girdhar Singh |
| 245 ## - TITLE STATEMENT | |
| Title | Computational methods in economics |
| 260 ## - PUBLICATION, DISTRIBUTION, ETC. (IMPRINT) | |
| Name of publisher, distributor, etc | Wisdom Press |
| Date of publication, distribution, etc | 2026 |
| Place of publication, distribution, etc | New Delhi |
| 300 ## - PHYSICAL DESCRIPTION | |
| Pages | x, 287 |
| 650 ## - Subject | |
| Subject | Economics Analysis |
| 650 ## - Subject | |
| Subject | Econometrics |
| 650 ## - Subject | |
| Subject | Economics- Data Processing |
| 650 ## - Subject | |
| Subject | Economics - Mathematical Models |
| 700 ## - Added Entry Personal Name | |
| Added Entry Personal Name | Bhinchar, Randheer Singh |
| 942 ## - ADDED ENTRY ELEMENTS (KOHA) | |
| Koha item type | Books |
| Withdrawn status | Lost status | Source of classification or shelving scheme | Damaged status | Not for loan | Location (home branch) | Sublocation or collection (holding branch) | Shelving location | Date acquired | Koha issues (times borrowed) | Koha full call number | Accession No. | Koha date last seen | Koha item type |
|---|---|---|---|---|---|---|---|---|---|---|---|---|---|
| Dewey Decimal Classification | VIVEKANANDA LIBRARY | VIVEKANANDA LIBRARY | Vivekananda Library | 22/01/2026 | 330.0151 | 444552 | 22/01/2026 | Books | |||||
| Dewey Decimal Classification | VIVEKANANDA LIBRARY | VIVEKANANDA LIBRARY | Vivekananda Library | 22/01/2026 | 330.0151 | 444551 | 22/01/2026 | Books | |||||
| Dewey Decimal Classification | VIVEKANANDA LIBRARY | VIVEKANANDA LIBRARY | Vivekananda Library | 22/01/2026 | 330.0151 | 444550 | 22/01/2026 | Books |
